000
00350nam a2200157Ia 4500
008
221030s9999 xx 000 0 und d
020
_a
8120316169
041
_a
English
082
_a
105.23
_b
Kev
100
_a
S. Kevin
245
0
_a
Portfolio Management
260
_b
PHI
_a
New Delhi
_c
2000
300
_a
170
650
_a
Management
942
_c
BK
999
_c
1634
_d
1634